| 000 | 01069cam a2200253 4500 | ||
|---|---|---|---|
| 001 | hew68000077 | ||
| 003 | DLC | ||
| 005 | 20260227111517.0 | ||
| 008 | 690603s1968 dcuk b 000 0 eng c | ||
| 010 | _ahew68000077 | ||
| 040 |
_aU.S. Dept. of Health, Education, and Welfare. Library HV5825. _cDLC _dDLC |
||
| 050 | 0 | 0 |
_aHV9103 _b.A455 no. 9005 |
| 082 | 0 | 0 | _a301.47/686/30973 |
| 100 | 1 |
_aBrotman, Richard, _d1925- |
|
| 245 | 1 | 2 |
_aA community mental health approach to drug addiction _c[by] Richard Brotman [and] Alfred Freedman. |
| 260 |
_a[Washington] _bU.S. Dept. of Health, Education, and Welfare, Office of Juvenile Delinquency and Youth Development; [for sale by the Supt. of Docs., U.S. Govt. Print. Off., _c1968] |
||
| 300 |
_av, 137 p. _bforms. _c26 cm. |
||
| 350 | _a1.00 | ||
| 490 | 1 | _aJD publication no. 9005 | |
| 504 | _aBibliography: p. 135-137. | ||
| 650 | 0 |
_aDrug addiction _zUnited States. |
|
| 700 | 1 |
_aFreedman, Alfred M., _ejoint author. |
|
| 810 | 1 |
_aUnited States. _bOffice of Juvenile Delinquency and Youth Development. _tPublication _vno. 9005 |
|
| 999 |
_c34789 _d34789 |
||